000 04165nam0a22006131 4500
001 RU\NLR\A1\20709
005 20260406165619.0
035 _a(NLR Aleph) 009676166
090 _a9683447
_c9683447
100 _a19990725d1793 u y0rusy50 ca
101 0 _arus
_agrc
_alat
_ager
_afre
102 _aRU
135 _acrcn 024anaba
200 1 _aТоржество муз Императорскаго Московскаго университета,
_eпо случаю благополучно ко всеобщей радости совершившагося бракосочетания их императорских высочеств благовернаго государя великаго князя Александра Павловича с благоверною государынею великою княгинею Елисаветою Алексеевною, произнесенное в оном октября 26 дня 1793 года.
210 _aМосква
_cВ Университетской типогравии, у В. Окорокова
_d1793
215 _a[6], 29, [1], 8 с.
_d
303 _aТекст на греч., лат., нем., фр. и рус. яз.
303 _aОда "От воспитанников учрежденнаго при Университете Благородного пансиона..." имеет отд. шмуцтит.
316 _aЭкз. РНБ (18.50.4.26). Размер: 24,0х18,7х0,7 см
_5NLR: 18.50.4.26
321 1 _aСК XVIII 7300
325 _aКопия доступна в Электрон. б-ке РНБ
327 0 _aСодерж.: [Краткое описание торжества] (С. [3-6]); [Слово / проф. П.И. Страхов] (С. 1-11); [Стихи И.В.Л. Мельмана, Ф.Г. Баузе, Ж.Ж.Э. Бодуэна, Е.И. Кострова на греч., лат., нем., фр. и рус. яз.] (С. 12-29, [1]); От воспитанников учрежденнаго при Университете Благороднаго пансиона : [Ода] / Александр Ханенко (С.1-8, паг.2-я)
620 _dМосква
702 0 _4570
_8rus
_7ca
_aАлександр
_cимператор российский
_dI
_f1777-1825
_3RU\NLR\AUTH\775342
_9115306
702 0 _4570
_8rus
_7ca
_aЕлизавета Алексеевна
_cимператрица российская
_f1779-1826
_3RU\NLR\AUTH\7712136
_9121867
702 1 _4070
_7ca
_8rus
_aСтрахов
_bП. И.
_cфизик
_f1757-1813
_gПетр Иванович
_9168610
_3RU\NLR\AUTH\770168659
702 1 _aМельман
_bИ.В.Л.
_f1765-1795
_gИоганн Вильгельм Людвиг
_4070
702 1 _4070
_7ca
_8rus
_aБаузе
_bФ. Г.
_f1752-1812
_gФёдор Григорьевич
_9169026
_3RU\NLR\AUTH\770169076
702 1 _aБодуэн
_bЖ.Ж.Ф.Э.
_f-1796
_gЖан Жак Франсуа Этьен
_4070
702 1 _4070
_8rus
_7ca
_aКостров
_bЕ. И.
_f1755-1796
_gЕрмил Иванович
_3RU\NLR\AUTH\7758260
_941192
702 1 _4610
_7ca
_8rus
_aОкороков
_bВ. И.
_f1758-
_gВасилий Иванович
_9158374
_3RU\NLR\AUTH\770158415
702 1 _aХаненко
_bА.И.
_gАлександр Игнатьевич
_4070
712 0 2 _aМосковский университет
_bТипография
_4610
801 0 _aRU
_bNLR
_c19990725
852 _aNLR
_j18.50.4.26
856 0 _uhttp://vivaldi.nlr.ru/bx700000205/view
856 1 _uhttp://vivaldi.nlr.ru/bx700000205/cover
856 2 _uhttp://vivaldi.nlr.ru/bx700000205/text
899 _aЗНБ СГУ
899 _aРГБ
899 _aБАН
899 _aМГУ
899 _aГПИБ
899 _aВМП
942 _cBOOK
980 _aNB
980 3 _akpcivil
980 3 _akp
980 _aA1XVIIIv
981 2 0 _a(20) Книжные памятники РНБ
_b(20) Русский книжный фонд